000 01349cam a22001934a 4500
005 20250605164045.0
008 250528s ||||||||||||||||||||||||d
035 _a17096
020 _a415102863
040 _aGR-AtMCL
_bgre
_dGR-AtMCL
_eAACR2
245 1 _aStatistics Explained / A Guide for Social Science Students
260 _bRouledge,
_c1998
300 _a326
520 _aThis book outlines the major statistical tests used by undergraduate in Psychology and the Social Sciences. Preface, Introduction, Descriptive Statistics, Standard Scores, Introduction to Hypothesis Testing, Sampling, Hypothesis Testing with a Sample, Selecting Samples for Comparison, Hypothesis Testing with Two Samples, Significance and Error and Power, Introduction to the Analysis of Variance, One Factor Independent Measures ANOVA, Multiple Comparisons, One Factor Repeated Measures ANOVA, The Interaction of Factors in the Analysis of Variance, Calculating the Two Factor ANOVA, An Introduction to Nonparametric Analysis, Two Sample Nonparametric Analysis, One Factor ANOVA for Ranked Data, Analyzing Frequency Data: Chi-Square, Linear Correlation and Regression, Multiple Correlation and Regression, Using Statistics Programs on Computers, Statistical Tables, Index.
700 1 _aHinton Perry
_93236
942 _cBK
999 _c2536
_d2536